Dark Alchemy The Films of Jan Svankmjer (Record no. 6200)

000 -LEADER
fixed length control field 00372nam a2200145Ia 4500
008 - FIXED-LENGTH DATA ELEMENTS--GENERAL INFORMATION
fixed length control field 190704s9999||||xx |||||||||||||| ||und||
020 ## - INTERNATIONAL STANDARD BOOK NUMBER
International Standard Book Number 9780313296987
082 ## - DEWEY DECIMAL CLASSIFICATION NUMBER
Classification number 791.433
Item number HAM/D
100 ## - MAIN ENTRY--PERSONAL NAME
Personal name Hames, Peter
245 #0 - TITLE STATEMENT
Title Dark Alchemy The Films of Jan Svankmjer
250 ## - EDITION STATEMENT
Edition statement 1st Edition
260 ## - PUBLICATION, DISTRIBUTION, ETC.
Place of publication, distribution, etc. USA
Name of publisher, distributor, etc. GreenwoodPub. Group Inc
Date of publication, distribution, etc. 1995
300 ## - PHYSICAL DESCRIPTION
Extent 202p
942 ## - ADDED ENTRY ELEMENTS (KOHA)
Koha item type Book

No items available.

All Rights Reserved@MUIT

Powered by Koha